Vzdialený zber dát pomocou cloudových služieb

Gespeichert in:
Bibliographische Detailangaben
1. Verfasser: Tuhársky, Martin (Verfasst von)
Weitere Verfasser: Cigánek, Ján (Betreuung Doktorarbeit)
Format: Manuskript Buch
Sprache:Slowakisch
Veröffentlicht: Bratislava : STU v Bratislave FEI, 2021
Schlagworte:
Online-Zugang:https://opac.crzp.sk/?fn=detailBiblioForm&sid=52328540584FDC4D968328AB80F2&seo=CRZP-detail-kniha
Tags: Tag hinzufügen
Keine Tags, Fügen Sie das erste Tag hinzu!

MARC

LEADER 00000ntm a22000003a 4500
001 stuzp80181
003 SK-STU
005 20211116124544.2
007 ta
008 150427s2015----xo-----f-mn---000-0-slo-d
040 |a STU  |b slo 
041 0 |a slo 
044 |a xo 
100 1 |a Tuhársky, Martin  |u 030400  |4 aut  |U FEI Fakulta elektrotechniky a informatiky  |T FEI Ústav automobilovej mechatroniky  |X 86412  |U E400  |Y 642  |7 86412 
242 0 1 |a Remote data acquisition using cloud services  |y eng 
245 1 0 |a Vzdialený zber dát pomocou cloudových služieb 
260 |a Bratislava :  |b STU v Bratislave FEI,  |c 2021 
300 |a 97 s., príl. 
650 4 |a vizualizačný systém  |2 slo 
650 4 |a PLC  |2 slo 
650 4 |a HMI  |2 slo 
650 4 |a výrobná linka  |2 slo 
650 4 |a cloudové služby  |2 slo 
650 4 |a zber dát  |2 slo 
650 4 |a databáza  |2 slo 
650 4 |a SCADA systém  |2 slo 
650 4 |a HMI  |2 eng 
650 4 |a SCADA system  |2 eng 
650 4 |a visualization system  |2 eng 
650 4 |a PLC  |2 eng 
650 4 |a production line  |2 eng 
650 4 |a cloud services  |2 eng 
650 4 |a data acquisition  |2 eng 
650 4 |a database  |2 eng 
700 1 |a Cigánek, Ján  |u 030400  |k Z1  |4 ths  |U FEI Fakulta elektrotechniky a informatiky  |T FEI Ústav automobilovej mechatroniky  |X 10327  |U E400  |Y 642  |7 10327 
856 4 |u https://opac.crzp.sk/?fn=detailBiblioForm&sid=52328540584FDC4D968328AB80F2&seo=CRZP-detail-kniha